Famous People Named Maria - Statistics

General Stats
  • This quiz has been taken 19 times
  • The average score is 3 of 16
Answer Stats
# Famous Maria % Correct
Tennis Player Maria Sharapova
79%
The Sound of Music inspiration Maria von Trapp
42%
Singer Maria Callas
37%
Philanthropist Maria Shriver
37%
Educator, Academic Maria Montessori
21%
Journalist/Professional Wrestler Maria Menounos
16%
Duchess, Emperor (1717-80) Maria Theresa
16%
Ballet Dancer Maria Tallchief
11%
Tennis Player Maria Bueno
5%
TV Host Ana Maria Braga
0%
Actress Maria Bello
0%
Singer Maria Bethânia
0%
Angolan Top Model Maria Borges
0%
Actress Maria de Medeiros
0%
Philosopher, Mathematican Maria Gaetana Agnesi
0%
Astronomer, Scientist Maria Mitchell
0%
No matching quizzes found
Score Distribution
Percent of People with Each Score
Percentile by Number Answered
Your Score History
You have not taken this quiz